| 000 | 01005cam a2200301 i 4500 | ||
|---|---|---|---|
| 001 | 24803 | ||
| 003 | Mx-PuUPA | ||
| 005 | 20250328112045.0 | ||
| 008 | 140415s2024 mx a gr 000 0 spa d | ||
| 020 | _a9786078986132 | ||
| 040 |
_aMx-PuUPA _bspa _cMx-PuUPA _dMx-PuUPA _erda |
||
| 041 | _aspa | ||
| 100 | 1 |
_aVillafán Amezcua, Luis Antonio _ecoordinador |
|
| 245 | 1 | 0 | _aProspectivas de la transformación educativa |
| 250 | _aPrimera edición | ||
| 264 | 1 |
_aCiudad de México : _bLAMBDA Editorial, _c2024 |
|
| 300 |
_a187 páginas : _bilustraciones ; _c23 cm |
||
| 336 |
_2rdacontent _atexto _btxt |
||
| 337 |
_2rdamedia _asin medio _bn |
||
| 338 |
_2rdacarrier _avolumen _bnc |
||
| 502 | _a | ||
| 650 | 7 |
_a _2armarc _913986 |
|
| 700 | 1 |
_aPonce de León Palacios, Manuel _ecoordinador |
|
| 700 | 1 |
_aPérez Martínez, Lisbeth Deyanira _ecoordinador |
|
| 942 |
_2ddc _cLI _hxx _ixx _n |
||
| 999 |
_c24803 _d24803 |
||